| 000 | 00470nam a22001817a 4500 | ||
|---|---|---|---|
| 020 | _a9789354899959 | ||
| 082 |
_a823(ITr.) _bAKH/R |
||
| 100 | _aAkhil P. Dharmajan | ||
| 245 |
_aRam c/o anandhi/ _cby Akhil P. Dharmajan |
||
| 260 |
_aHaryana: _bHarperCollins, _c2025. |
||
| 300 | _a303p. | ||
| 650 | _aTranslation Malayalam Novel | ||
| 650 | _aNovel English | ||
| 650 | _aLiterature English | ||
| 650 | _aLiterature | ||
| 700 | _aHaritha C. K(tr.) | ||
| 942 | _cBK | ||
| 999 |
_c181310 _d181310 |
||